[Event "SRB-chT2 East"]
[Site "Serbia"]
[Date "2017.09.09"]
[Round "2.5"]
[White "Micovic, Nikola"]
[Black "Zivanovic, Zoran M"]
[Result "0-1"]
[WhiteElo "1834"]
[BlackElo "2022"]
[PlyCount "104"]
[EventDate "2017.09.08"]
[EventType "team-tourn"]
[EventRounds "11"]
[EventCountry "SRB"]
[SourceTitle "EXT 2022"]
[Source "ChessBase"]
[SourceDate "2021.10.06"]
[SourceVersion "1"]
[SourceVersionDate "2021.10.06"]
[SourceQuality "1"]

1. d4 Nf6 2. c4 e5 3. e3 exd4 4. exd4 Bb4+ 5. Bd2 Bxd2+ 6. Nxd2 d5 7. c5 0-0 8. Ngf3 Re8+ 9. Be2 Qe7 10. Ne5 Nfd7 11. Ndf3 Nxe5 12. Nxe5 f6 13. Nf3 b6 14. Rc1 Bf5 15. Rc3 Nd7 16. Re3 Qf7 17. Rc3 Qe6 18. Kf1 c6 19. Nh4 Be4 20. Bf3 g5 21. Bh5 gxh4 22. Bxe8 Rxe8 23. f3 Bg6 24. Kf2 bxc5 25. dxc5 d4 26. Ra3 Nxc5 27. Qd2 Qf5 28. Re1 Ne4+ 29. Rxe4 Rxe4 30. Rxa7 Qf4 31. Qd1 Qe3+ 32. Kf1 Re6 33. Ra3 d3 34. Rc3 Qe2+ 35. Qxe2 Rxe2 36. Rb3 Rc2 37. Ke1 Rxg2 38. a4 Rg5 39. Ra3 Ra5 40. b4 Ra6 41. a5 Kf7 42. Rc3 Ke7 43. Rc5 Kd6 44. f4 Be4 45. Kd2 f5 46. Rc1 Ra7 47. Ke3 Rg7 48. Ra1 Kd5 49. Rc1 Rg2 50. Rc5+ Kd6 51. Rc1 Re2+ 52. Kd4 d2 0-1

[Event "SRB-chT2 East"]
[Site "Zajecar"]
[Date "2013.10.11"]
[Round "3"]
[White "Zivanovic, Zoran M"]
[Black "Ivic, Matija"]
[Result "1-0"]
[WhiteElo "2026"]
[BlackElo "1923"]
[PlyCount "28"]
[EventDate "2013.10.10"]
[EventType "team-swiss"]
[EventRounds "8"]
[EventCountry "SRB"]
[SourceTitle "EXT 2014"]
[Source "ChessBase"]
[SourceDate "2013.11.20"]
[SourceVersion "1"]
[SourceVersionDate "2013.11.20"]
[SourceQuality "1"]

1. e4 c5 2. Nf3 g6 3. Nc3 Bg7 4. d4 cxd4 5. Nxd4 Nc6 6. Nxc6 bxc6 7. Bd3 d6 8. 0-0 Nf6 9. f3 Rb8 10. Rb1 0-0 11. Be3 Qa5 12. Qd2 Rd8 13. Bh6 Bh8 14. Nd5 Qc5+ 1-0

[Event "SRB-chT3 Liga Ost CS"]
[Site "Serbia"]
[Date "2011.10.02"]
[Round "4.42"]
[White "Milosevic, Rade"]
[Black "Zivanovic, Zoran M"]
[Result "0-1"]
[WhiteElo "2108"]
[BlackElo "2019"]
[PlyCount "124"]
[EventDate "2011.09.11"]
[EventType "team"]
[EventRounds "11"]
[EventCountry "SRB"]
[SourceTitle "EXT 2015"]
[Source "ChessBase"]
[SourceDate "2014.11.20"]
[SourceVersion "1"]
[SourceVersionDate "2014.11.20"]
[SourceQuality "1"]

1. Nf3 d5 2. d4 Nf6 3. c4 c6 4. Qc2 Bg4 5. Nbd2 e6 6. e3 Nbd7 7. Bd3 Qa5 8. 0-0 Be7 9. h3 Bh5 10. a3 Bg6 11. b4 Bxd3 12. Qxd3 dxc4 13. Nxc4 Qh5 14. Nce5 Rd8 15. Qb3 0-0 16. Nxd7 Nxd7 17. Bb2 Bf6 18. a4 Qd5 19. Qxd5 cxd5 20. b5 Be7 21. Rfc1 Rc8 22. Ne1 Nb6 23. Nd3 Nc4 24. Bc3 Rc7 25. Bb4 Bxb4 26. Nxb4 Rfc8 27. Nd3 Na5 28. Rcb1 Rc3 29. Nc5 b6 30. Na6 R8c4 31. g4 h6 32. Ra2 g6 33. Nb4 Kg7 34. Kg2 Kf6 35. Rbb2 h5 36. gxh5 gxh5 37. Rb1 Kg5 38. Nc6 Nxc6 39. bxc6 Rxc6 40. a5 Rd6 41. axb6 axb6 42. Ra7 Kf6 43. Rb7 Rcc6 44. Ra1 Rd8 45. Raa7 Rg8+ 46. Kf3 Rg7 47. Ra6 Rc1 48. Rbxb6 Rh1 49. Ra5 Rxh3+ 50. Ke2 Rg5 51. Ra8 Rh2 52. Rb1 h4 53. Rab8 Rh5 54. Rf1 Kg7 55. Ra8 h3 56. e4 dxe4 57. Ra3 Rb5 58. Rg1+ Kf6 59. Rag3 Rb2+ 60. Ke3 Rbxf2 61. Kxe4 Re2+ 62. Kd3 Ra2 0-1

[Event "SRB-chT3 East"]
[Site "Serbia"]
[Date "2007.10.14"]
[Round "6"]
[White "Zivanovic, Zoran M"]
[Black "Stevic, Zarko"]
[Result "1/2-1/2"]
[WhiteElo "2054"]
[BlackElo "2290"]
[PlyCount "61"]
[EventDate "2007.09.02"]
[EventType "team"]
[EventRounds "11"]
[EventCountry "SRB"]
[SourceTitle "EXT 2012"]
[Source "ChessBase"]
[SourceDate "2011.11.24"]
[SourceVersion "1"]
[SourceVersionDate "2011.11.24"]
[SourceQuality "1"]
[WhiteTeam "Bakar"]
[BlackTeam "Majdanpek"]
[WhiteTeamCountry "SRB"]
[BlackTeamCountry "SRB"]

1. d4 d5 2. c4 e6 3. Nc3 c5 4. cxd5 cxd4 5. Qa4+ Bd7 6. Qxd4 exd5 7. Qxd5 Nc6 8. e4 Nf6 9. Qd1 Bb4 10. Bd3 Ne5 11. Bc2 Qc7 12. Nge2 Rd8 13. 0-0 0-0 14. Nd5 Nxd5 15. exd5 Bb5 16. Bf4 Qe7 17. a3 Nf3+ 18. gxf3 Bxe2 19. Qd4 Bxf1 20. axb4 Bb5 21. d6 Qd7 22. Be4 Rfe8 23. Kg2 Rxe4 24. fxe4 Bc6 25. f3 a6 26. Kf2 Qe6 27. Rg1 f6 28. e5 Re8 29. Bh6 g6 30. f4 fxe5 31. fxe5 1/2-1/2